| 000 | 00582nam a22001937a 4500 | ||
|---|---|---|---|
| 003 | OSt | ||
| 005 | 20250708030226.0 | ||
| 008 | 250708b |||||||| |||| 00| 0 eng d | ||
| 020 | _a0550100512 | ||
| 040 |
_aDWC-Main Lib _cOC |
||
| 082 | _aCirc. 920.02 C444 2002 | ||
| 100 | _aMcgovern, Una | ||
| 245 |
_aChambers biographical dictionary/ _cUna Mcgovern |
||
| 250 | _aSeventh edition | ||
| 260 |
_aEdinburgh: _bChambers Harrap Publishers, _cc2002. |
||
| 300 |
_axi, 1650 pages; _c26cm. |
||
| 650 | _a1. Biography-Dictionaries. | ||
| 942 |
_2ddc _cBK-CIRC _eSeventh edition _kCirc. _n0 |
||
| 999 |
_c3446 _d3446 |
||